|
|
|
|
| LEADER |
01654nam a22003974a 4500 |
| 001 |
37860 |
| 003 |
BD-DhAAL |
| 005 |
20220227153434.0 |
| 008 |
040127s2004 caua b 001 0 eng |
| 999 |
|
|
|c 43604
|d 43604
|
| 010 |
|
|
|a 2004001558
|
| 020 |
|
|
|a 0817929827 (pbk. : alk. paper)
|
| 020 |
|
|
|a 0817929819 (hardback : alk. paper)
|
| 020 |
|
|
|a 9780817929824
|
| 040 |
|
|
|a DLC
|c DLC
|d DLC
|d BD-DhAAL
|
| 042 |
|
|
|a pcc
|
| 043 |
|
|
|a n-us---
|
| 050 |
0 |
0 |
|a LB3051
|b .T4425 2004
|
| 082 |
0 |
0 |
|a 371.144
|2 22
|
| 245 |
0 |
0 |
|a Testing student learning, evaluating teaching effectiveness /
|c edited by Williamson M. Evers and Herbert J. Walberg.
|
| 260 |
|
|
|a Stanford, Calif. :
|b Hoover Institution Press,
|c c2004.
|
| 300 |
|
|
|a xiii, 337 pages :
|b illustrations ;
|c 23 cm.
|
| 490 |
1 |
|
|a Hoover Institution Press publication ;
|v no. 521
|
| 504 |
|
|
|a Includes bibliographical references and index.
|
| 526 |
|
|
|a BIED
|
| 541 |
|
|
|a Complimentary copy from BIED
|e 37860
|
| 650 |
|
0 |
|a Educational tests and measurements
|z United States.
|9 46175
|
| 650 |
|
0 |
|a Educational accountability
|z United States.
|9 46176
|
| 650 |
|
0 |
|a Teacher effectiveness
|z United States.
|9 46177
|
| 650 |
|
0 |
|a Education.
|9 46178
|
| 700 |
1 |
|
|a Evers, Williamson M.,
|d 1948-
|9 46179
|
| 700 |
1 |
|
|a Walberg, Herbert J.,
|d 1937-
|9 46180
|
| 830 |
|
0 |
|a Hoover Institution Press publication ;
|v 521.
|9 46181
|
| 852 |
|
|
|a Ayesha Abed Library
|c BIED Collection
|
| 942 |
|
|
|2 ddc
|c BK
|
| 952 |
|
|
|0 0
|1 0
|2 ddc
|4 0
|6 371_144000000000000_TES
|7 0
|9 69919
|a BRACUL
|b BRACUL
|c GEN
|d 2022-02-27
|e Complimentary copy from BIED
|l 0
|o 371.144 TES
|p 3010037860
|r 2022-02-27
|t 1
|w 2022-02-27
|y BK
|x Transferred from BIED to General Stacks
|